| 000 | 00386nam a22001337a 4500 | ||
|---|---|---|---|
| 082 |
_a380.1 _bREI _cD |
||
| 100 |
_aReid Struan _946813 |
||
| 245 |
_aInvention and Trade _bThe Silk and Spice Routes Invention and Trade _cReid Straun |
||
| 260 |
_aNew York _bNew Discovery Books |
||
| 300 | _a48 P, : | ||
| 526 |
_a0 _b0 _c0 _d380_100000000000000_REI |
||
| 650 |
_aMCE _9379 |
||
| 942 |
_2ddc _cBK |
||
| 999 |
_c550074 _d550074 |
||